000 00275nam a2200133 4500
008 190521s ||||xo d
245 1 0 _aDementia
250 _a2 doplnkove
100 1 _aBoyer Antony
_91099
020 _c0
041 1 _aslo
044 _axo
_cSK
958 _aA
999 _c22392
_d22392